World Capitals Containing the Letter C - Statistics

General Stats
  • This quiz has been taken 3,304 times
    3,299 since last reset
  • The average score is 23 of 29
Answer Stats
Continent Capital % Correct
South America Caracas
96%
Oceania Canberra
95%
Africa Cairo
94%
Europe Copenhagen
92%
Europe Chisinau
89%
Europe Bucharest
88%
Africa Cape Town
88%
North America Castries
88%
North America Mexico City
88%
South America Asuncion
86%
Africa Conakry
85%
Europe Vatican City
85%
Europe Moscow
81%
Africa Accra
80%
Europe Stockholm
80%
Europe Monaco
78%
North America Panama City
78%
Europe Podgorica
78%
South America Sucre
78%
North America Guatemala City
77%
North America Tegucigalpa
76%
Asia Nicosia
75%
Asia Kuwait City
73%
Asia Muscat
73%
North America Port-au-Prince
73%
Africa Victoria
73%
Asia Damascus
69%
Africa Nouakchott
67%
North America Washington, DC
59%
No matching quizzes found
Score Distribution
Percent of People with Each Score
Percentile by Number Answered
Your Score History
You have not taken this quiz since the last reset